The Train Journey (Record no. 351435)
[ view plain ]
| 000 -LEADER | |
|---|---|
| fixed length control field | 00708nam a2200145Ia 4500 |
| 008 - FIXED-LENGTH DATA ELEMENTS--GENERAL INFORMATION | |
| fixed length control field | 171212s9999 xx 000 0 und d |
| 020 ## - INTERNATIONAL STANDARD BOOK NUMBER | |
| International Standard Book Number | 9781845457853 |
| 100 ## - MAIN ENTRY--PERSONAL NAME | |
| Personal name | Gigliotti, Simone |
| 245 ## - TITLE STATEMENT | |
| Statement of responsibility, etc | Gigliotti, Simone |
| Title | The Train Journey |
| Remainder of title | Transit, Captivity, and Witnessing in the Holocaust |
| 260 ## - PUBLICATION, DISTRIBUTION, ETC. (IMPRINT) | |
| Name of publisher, distributor, etc | Berghahn Books |
| Date of publication, distribution, etc | 2009 |
| 440 ## - SERIES STATEMENT/ADDED ENTRY--TITLE | |
| Title | War and Genocide |
| 650 ## - SUBJECT ADDED ENTRY--TOPICAL TERM | |
| Topical term or geographic name as entry element | History |
| 650 ## - SUBJECT ADDED ENTRY--TOPICAL TERM | |
| Topical term or geographic name as entry element | World War, 1939–1945 -- Prisoners and prisons -- Psychological aspects; Holocaust, Jewish (1939–1945) -- Psychological aspects; World War, 1939–1945 -- Personal narratives, Jewish; Railroad trains; Prisoners of war -- Germany; Prisoners of war -- Austria; |
| 856 ## - ELECTRONIC LOCATION AND ACCESS | |
| Uniform Resource Identifier | <a href="http://www.jstor.org/stable/j.ctt9qd53n">http://www.jstor.org/stable/j.ctt9qd53n</a> |
| Withdrawn status | Lost status | Damaged status | Home library | Current library | Date acquired | Total Checkouts | Full call number | Date last seen | Price effective from | Koha item type |
|---|---|---|---|---|---|---|---|---|---|---|
| College Library | College Library | 12/12/2017 | D 805.A2 .G46 2009 | 12/12/2017 | 12/12/2017 | Curriculum - Based eBooks |